000 01273cam a22003497a 4500
003 CHAP
005 20220329141929.0
008 980807d1992 do r 00110 spa d
010 _a75887
011 _a76859
035 _a86451
040 _cCHAP
082 0 4 _a581.634
_bM42
100 0 0 _aMañón López, Darío Isaac.
_971127
245 1 0 _aMedicina tradicional dominicana :
_b(una contribución a su estudio)
_c/por Darío Isaac Mañón López, Ibrahim Haché Llinas y Eduardo García Suárez
260 _aSanto Domingo, República Dominicana :
_bAcademia Dominicana de Medicina,
_c1992.
300 _a412 p.
590 _aBATCH-UPD
_b10
_c20130110
_lUCH01
_h0603
590 _aBATCH-UPD
_b10
_c20130410
_lUCH01
_h0244
590 _aBATCH-UPD
_b10
_c20130410
_lUCH01
_h1645
590 _aBATCH-UPD
_b10
_c20130914
_lUCH01
_h0736
590 _aBATCH-UPD
_b10
_c20130914
_lUCH01
_h2149
590 _aCONVERSION
_b10
_c20130109
_lUCH01
_h1342
650 1 4 _aBotánica médica.
_914680
650 1 4 _aBotánica
_xRepública Dominicana.
_914613
700 0 _aGarcía Suárez, Eduardo.
_946668
700 0 _aHaché Llinas, Ibrahim.
_952157
901 _aBK
905 _aAlejandra Carrasco M.
942 _cLIBRO
949 _a581.634 M42
_bBC
_cC
_d33724000690459
_eC
_h92333
_i86451
_sb
999 _c75887
_d75887